Hospital management / (Record no. 125963)

MARC details
000 -LEADER
fixed length control field 00657nam a22002297a 4500
005 - DATE AND TIME OF LATEST TRANSACTION
control field 20170124110002.0
010 ## - LIBRARY OF CONGRESS CONTROL NUMBER
LC control number B-059565
020 ## - INTERNATIONAL STANDARD BOOK NUMBER
Terms of availability 00.00
035 ## - SYSTEM CONTROL NUMBER
System control number B-059565
037 ## - SOURCE OF ACQUISITION
Source of stock number/acquisition Cen Lib/Ret
040 ## - CATALOGING SOURCE
Original cataloging agency DPL
Language of cataloging EN
082 ## - DEWEY DECIMAL CLASSIFICATION NUMBER
Classification number 362.11068
Item number JHA
100 ## - MAIN ENTRY--PERSONAL NAME
Personal name Jha, S.M.
9 (RLIN) 4388
245 ## - TITLE STATEMENT
Title Hospital management /
Statement of responsibility, etc by S.M. Jha
260 ## - PUBLICATION, DISTRIBUTION, ETC. (IMPRINT)
Name of publisher, distributor, etc Himalaya publishing house
Place of publication, distribution, etc Delhi
Date of publication, distribution, etc 2001
270 ## - ADDRESS
City Delhi
Address Ansari road daryaganj
300 ## - PHYSICAL DESCRIPTION
Extent xii,563p. :
Dimensions 21cm(Hb)
500 ## - GENERAL NOTE
General note Includes bibliographical references
650 ## - SUBJECT ADDED ENTRY--TOPICAL TERM
Topical term or geographic name as entry element Management
9 (RLIN) 3072
650 ## - SUBJECT ADDED ENTRY--TOPICAL TERM
Topical term or geographic name as entry element Hospital management
9 (RLIN) 16114
942 ## - ADDED ENTRY ELEMENTS (KOHA)
Source of classification or shelving scheme Dewey Decimal Classification
Koha item type English Books
Classification part 362.11068
Call number suffix JHA
Holdings
Withdrawn status Lost status Damaged status Not for loan Home library Current library Date acquired Source of acquisition Cost, normal purchase price Total Checkouts Full call number Barcode Date last seen Copy number Cost, replacement price Price effective from Koha item type
        Central Library Central Library 24/06/2015 Cen Lib/Ret 0.00   362.11068 JHA B-059565 24/06/2015 1 0.00 24/06/2015 English Books

© Delhi Public Library
Hit Counter
free hit counter